000
00242 a2200109 4500
001
34597
090
_c
22880
_d
22880
100
_a
Dulaney, Emmett
245
_a
MCSE Core plus 2 Certification Exam Guide 6-in-1
260
_a
ND
_b
PHI
505
_a
CD/DVD
942
_a
NUST-CAE
999
_c
269670
_d
269670